000 00978nam a2200289Ia 4500
005 20220317000737.0
008 160601s2004 sp a g 000 0 spa
020 _a8448819535
100 1 _aGutman, Anne
245 1 0 _aQuiero un canguro!
_cAnne Gutman, Xavier Deneux ; traducción María Casas
250 _a1a. edición
300 _a[14] páginas sin enumerar
_bilustraciones en color
_c17 cm
534 _tJe veux un kangourou!
650 1 4 _2LEMB
_aÁlbumes infantiles franceses
650 1 4 _2LEMB
_aLiteratura infantil francesa
650 1 4 _2LEMB
_aCanguros en la literatura
650 1 4 _2LEMB
_aNiñas en la literatura
700 1 _aDeneux, Xavier
_99965
700 1 _aCasas, María,
_etraductor
_953832
942 _2loc
_cBKINF
264 _aBarcelona
_bBeascoa
_c2004
336 _atexto
_btxt
_2rdacontent
337 _asin mediación
_bn
_2rdamedia
338 _avolumen
_bnc
_2rdacarrier
040 _aCO-BoRNBP
_bspa
_erda
_cCO-BoRNBP
084 _aA GUT1
999 _c4932
_d4932